000 00307nam a2200121Ia 4500
008 190216s9999||||xx |||||||||||||| ||und||
100 _aKunhipacky K&Amp;Muhammed Ali P K
245 0 _aIndia Charitram
260 _bKerala Bhasha Institute
_c1986
300 _a263p
650 _aIndian History
942 _cBK
999 _c18867
_d18867